| 000 | 00528 a2200133 4500 | ||
|---|---|---|---|
| 082 | _aMSIT-9 | ||
| 100 |
_aMahmood Ahmad _999088 |
||
| 245 |
_aMalfree web server response [Project MSIT-9] _cMahmood Ahmad |
||
| 260 |
_aIslamabad _bNUST School of Electrical Engineering and Computer Science _c2011. |
||
| 300 |
_aix, 52p. _b:ill, _c;27cm.+ _eCD-ROM |
||
| 500 | _aSupervisors: Dr. Fauzan Mirza, Dr. Hafiz Farooq Ahmad, Ammar Karim, Bilal Ali | ||
| 856 | _uhttp://10.250.8.41:8080/xmlui/handle/123456789/10081 | ||
| 942 |
_cPR _kMSIT-9 _2ddc |
||
| 999 |
_c10501 _d10501 |
||